000 00278nam a22001217a 4500
082 _a904
_bUBE/I
100 _aBARRETT,KEN
100 _aSHARMA,SURESH
245 _aTHE INDIAN EXPERIENCE
260 _aHONG KONG
_bJ S UBEROI
650 _aGENERAL KNOWLEDGE
_zHONG KONG
942 _cBK
999 _c3082
_d3082